000 00311nam a2200145Ia 4500
100 _aPinge/ Sampada
942 _cBK
654 _aMicrocomputer
245 _aMicrocomputer systems Design
260 _bNandu Pub
_aNew Delhi
082 _a4.25
_bPIN/PAN
300 _a286
546 _aENGLISH
999 _c32867
_d32867